000 00666nam a22002057a 4500
999 _c178339
_d178339
003 dpl
005 20210325112359.0
008 210325b ||||| |||| 00| 0 eng d
010 _aMA-9258
020 _a978-93-90429-02-8
035 _aMA-8715
040 _cDBAD books
082 _a920
_bSIN
100 _aസിങ് ഭഗത്
245 _aഭഗത് സിങിന്റെ ജയിൽ ഡയറി
260 _aThrissur
_bGreen books pvt limited
_c2020
270 _agreen books pvt limited gb building,civil lane road,ayyantole
_bThrissur
_cKerala
_dIndia
_e680003
300 _a288p
_c21cm
942 _2ddc
_cMA
_h920
_mSIN